A host of opportunities : an introduction to hospitality management
Αποθηκεύτηκε σε:
| Κύριος συγγραφέας: | |
|---|---|
| Άλλοι συγγραφείς: | , , |
| Μορφή: | Βιβλίο |
| Γλώσσα: | English |
| Δημοσίευση: |
Chicago :
Irwin,
1996
|
| Θέματα: | |
| Ετικέτες: |
Προσθήκη ετικέτας
Δεν υπάρχουν, Καταχωρήστε ετικέτα πρώτοι!
|
MARC
| LEADER | 00000nam a2200000 i 4500 | ||
|---|---|---|---|
| 001 | 1/58787 | ||
| 008 | 980526s1996 eng d | ||
| 020 | |a 0071148450 | ||
| 020 | |a 025618058X | ||
| 035 | |l 10028427 | ||
| 040 | |a GR-MY-UA |b gre |e aacr | ||
| 041 | 0 | |a eng | |
| 082 | 0 | |a 647.94068 | |
| 100 | 1 | |a Van Hoof, Hubert B. | |
| 245 | 1 | 2 | |a A host of opportunities : |b an introduction to hospitality management / |c Hubert B. Van Hoof ...[et al] |
| 260 | |a Chicago : |b Irwin, |c 1996 | ||
| 300 | |a xx, 553 σ. | ||
| 504 | |a Περιλαμβάνει ευρετήριο | ||
| 650 | 0 | 0 | |a Hospitality industry |x Management. |
| 700 | 1 | |a McDonald, Marilyn E. | |
| 700 | 1 | |a Yu, Lawrence. | |
| 700 | 1 | |a Vallen, Gary K. | |
| 852 | |a INST |b CHIOS |e 19981014 |h 647.94068 HOS |p 005200015525 |q 005200015525 |t BK |y 0 | ||
| 852 | |a INST |b CHIOS |e 19981014 |h 647.94068 HOS |p 005200015526 |q 005200015526 |t BK |y 0 | ||
| 852 | |a INST |b CHIOS |e 19980526 |h 647.94068 HOS |p 005200016450 |q 005200016450 |t BK |y 0 | ||
| 901 | |a BIBL-1998-2 | ||
| 909 | |a Χ |b 056239 | ||
| 909 | |a X |b 059280 | ||
| 909 | |a Χ |b 059279 | ||
| 922 | |a 2ΕΛΗ |b 199805 |c ΤΔΕ |d ΠΑΠΑΣΩΤΗΡΙΟΥ | ||
| 922 | |a 2ΕΛΗ |b 199809 |c ΤΔΕ |d ΠΑΠΑΣΩΤΗΡΙΟΥ | ||